Essential image processing and GIS for remote sensing (E-Book) (Record no. 193221)
[ view plain ]
| 000 -LEADER | |
|---|---|
| fixed length control field | 00832 a2200229 4500 |
| 003 - CONTROL NUMBER IDENTIFIER | |
| control field | Nust |
| 005 - DATE AND TIME OF LATEST TRANSACTION | |
| control field | 20170207154053.0 |
| 010 ## - LIBRARY OF CONGRESS CONTROL NUMBER | |
| LC control number | 2009007663 |
| 020 ## - INTERNATIONAL STANDARD BOOK NUMBER | |
| International Standard Book Number | 9780470510315 (PB) |
| 020 ## - INTERNATIONAL STANDARD BOOK NUMBER | |
| International Standard Book Number | 9780470510322 (HB) |
| 040 ## - CATALOGING SOURCE | |
| Transcribing agency | Nust |
| 082 00 - DEWEY DECIMAL CLASSIFICATION NUMBER | |
| Classification number | 621.36 |
| 100 1# - MAIN ENTRY--PERSONAL NAME | |
| Personal name | Jian Guo Liu, Philippa J. Mason. |
| 245 10 - TITLE STATEMENT | |
| Title | Essential image processing and GIS for remote sensing (E-Book) |
| Statement of responsibility, etc. | Jian Guo Liu, Philippa J. Mason. |
| 260 ## - PUBLICATION, DISTRIBUTION, ETC. | |
| Place of publication, distribution, etc. | Chichester, West Sussex, UK ; |
| -- | Hoboken, NJ : |
| Name of publisher, distributor, etc. | Wiley-Blackwell, |
| Date of publication, distribution, etc. | 2009. |
| 300 ## - PHYSICAL DESCRIPTION | |
| Extent | xvi, 443 p. : |
| Other physical details | ill. (some col.), maps ; |
| Dimensions | 26 cm. |
| 650 #0 - SUBJECT ADDED ENTRY--TOPICAL TERM | |
| Topical term or geographic name entry element | Geographic information systems. |
| 650 #0 - SUBJECT ADDED ENTRY--TOPICAL TERM | |
| Topical term or geographic name entry element | Image processing. |
| 650 #0 - SUBJECT ADDED ENTRY--TOPICAL TERM | |
| Topical term or geographic name entry element | Telecommunications engineering - (E-BOOK) |
| 651 #0 - SUBJECT ADDED ENTRY--GEOGRAPHIC NAME | |
| Geographic name | Essential image processing and GIS for remote sensing (E-Book) |
| General subdivision | Surface |
| -- | Remote sensing. |
| 700 1# - ADDED ENTRY--PERSONAL NAME | |
| Personal name | Mason, Philippa J. |
| 942 ## - ADDED ENTRY ELEMENTS (KOHA) | |
| Source of classification or shelving scheme | |
| Koha item type | Book |
| Withdrawn status | Lost status | Source of classification or shelving scheme | Damaged status | Not for loan | Collection code | Permanent Location | Current Location | Date acquired | Total Checkouts | Full call number | Barcode | Date last seen | Price effective from | Koha item type |
|---|---|---|---|---|---|---|---|---|---|---|---|---|---|---|
| Military College of Signals (MCS) | Military College of Signals (MCS) | 12/12/2016 | 621.36 GUO | MCSEB-2908 | 12/08/2016 | 12/12/2016 | Book |
